Alcances y limitaciones de una política de gobierno. Los avatares de la política de neutralidad costarricense en el gobierno de Luis A. Monge /

Збережено в:
Бібліографічні деталі
Автор: Páez Montalban, Rodrigo de Jesús
Співавтори: UNAM, Facultad de Ciencias Políticas y Sociales
Формат: Текст
Опубліковано: México, D.F: UNAM
Теги: Додати тег
Немає тегів, Будьте першим, хто поставить тег для цього запису!

MARC

LEADER 00000 a a2200000 04500
001 25760
003
040 |a CRAI/IIS  |c CRAI/IIS 
090 |a 173800  
100 |a Páez Montalban, Rodrigo de Jesús  
110 |a UNAM  
245 |a Alcances y limitaciones de una política de gobierno. Los avatares de la política de neutralidad costarricense en el gobierno de Luis A. Monge /  |c UNAM  
260 |a México, D.F:   |b UNAM  
300 |a 259 p  
710 |a Facultad de Ciencias Políticas y Sociales  
999 |c 2961  |d 2961